| 000 | 00518cam a2200181ua 4500 | ||
|---|---|---|---|
| 001 | 12284 | ||
| 008 | 200826n ii |||gr||||Z||||||asm | ||
| 020 | _a9789324405647 | ||
| 040 | _cMAIN | ||
| 082 | _a954.162 | ||
| 100 |
_aJoyshree Goswami Mahanta, _eEditor. |
||
| 245 |
_aAsom andolan : _bYugamiya cintar ek pratifalan volume V / _cEd by Joyshree Goswami Mahanta . |
||
| 250 |
_a1st ed. / _bV.V. |
||
| 260 |
_aGuwahati: _bChandra prakash, _c2015. |
||
| 300 | _a274p. | ||
| 653 | _aSouth Asia India | ||
| 942 | _cBK | ||
| 999 |
_c11041 _d11041 |
||